000 01088nam a22002895a 4500
003 EG-ScBUE
005 20260203101535.0
008 181204s2025 ua f 000 0 ara d
017 _a2023 / 1875
020 _a9789778241693
040 _aEG-ScBUE
_bara
_erda
_cEG-ScBUE
_dEG-ScBUE
082 0 4 _a362.29
_bع ث م
_222
100 1 _aعثمان، عماد رشاد،
_d1986-
_eمؤلف.
_941953
245 1 0 _aممتلئ بالفراغ :
_bتأملات حول التعافي من الإدمانات والسلوكيات القهرية /
_cد. عماد رشاد عثمان
250 _aالطبعة الثاني و الثلاثون.
264 1 _aالقاهرة :
_bالرواق للنشر والتوزيع،
_c2025.
300 _a339 صفحة ؛
_c20 سم
336 _2rdacontent
_aنص
_btxt
337 _2rdamedia
_aبدون وسيط
_bn
338 _2rdacarrier
_aمجلد
_bnc
541 _cBook Fair 2026.
650 7 _aالطب النفسي
_2BUEsh
650 7 _aالسلوك (علم نفس)
_2BUEsh
653 _bHHUUPPSS
_cJanuary2026
655 _vReading book
942 _2ddc
999 _c31066
_d31037